Kształty państw w Europie - Statystyki

Ogólne statystyki
  • Ten quiz został rozwiązany 25 razy
  • Średni wynik to 34 z 45
Statystyki odpowiedzi
Obrazkowy Odpowiedź % Poprawnych
Hiszpania
95%
Norwegia
95%
Polska
95%
Szwecja
95%
Grecja
90%
Islandia
90%
Wielka Brytania
90%
Włochy
90%
Dania
85%
Finlandia
85%
Francja
85%
Niemcy
85%
Rosja
85%
Austria
80%
Chorwacja
80%
Monako
80%
Portugalia
80%
Ukraina
80%
Watykan
80%
Czechy
75%
Rumunia
75%
Słowacja
75%
Szwajcaria
75%
Białoruś
70%
Bośnia i Hercegowina
70%
Estonia
70%
Irlandia
70%
Kosowo
70%
Malta
70%
Serbia
70%
Albania
65%
Bułgaria
65%
Holandia
65%
Liechtenstein
65%
Litwa
65%
Luksemburg
65%
Macedonia Północna
65%
Belgia
60%
Czarnogóra
60%
Łotwa
60%
Mołdawia
60%
Słowenia
60%
Andora
55%
Węgry
55%
San Marino
50%
Nie znaleziono quizów pasujących do podanych kryteriów
Rozkład punktacji
Procent ludzi z każdym wynikiem
Percentyl według liczby udzielonych odpowiedzi
Twoja historia wyników
Nie rozwiązałeś tego quizu